[Event "Titled Tuesday intern op 30th Aug Late"]
[Site "Chess.com INT"]
[Date "2022.08.30"]
[Round "5"]
[White "Bodnar, Nikolay"]
[Black "Cruz, Jonathan"]
[Result "1-0"]
[WhiteElo "2441"]
[BlackElo "2358"]
[PlyCount "71"]
[EventDate "2022.08.30"]
[EventType "swiss (blitz)"]
[EventRounds "11"]
[EventCountry "USA"]
[SourceTitle "EXT 2023"]
[Source "ChessBase"]
[SourceDate "2022.10.05"]
[SourceVersion "1"]
[SourceVersionDate "2022.10.05"]
[SourceQuality "1"]

1. c4 c6 2. g3 d5 3. Bg2 Nf6 4. Nf3 e6 5. 0-0 Nbd7 6. b3 Be7 7. Bb2 0-0 8. d3 b6 9. Nbd2 Bb7 10. Qc2 c5 11. e4 d4 12. Rae1 e5 13. h3 Bd6 14. Nh2 Qc7 15. Bc1 Rae8 16. Ndf3 Nb8 17. Nh4 Bc8 18. Nf5 Bxf5 19. exf5 Nc6 20. Ng4 Nxg4 21. hxg4 f6 22. Bd5+ Kh8 23. Kg2 Nb4 24. Rh1 g5 25. Qe2 Nxd5 26. cxd5 Qb7 27. Qe4 Rd8 28. Rh6 Be7 29. Reh1 Rf7 30. Bxg5 fxg5 31. f6 Bxf6 32. Qf5 Qxd5+ 33. Kg1 Qd6 34. Rxh7+ Kg8 35. Qg6+ Kf8 36. Qxf7# 1-0

[Event "Titled Tuesday intern op 30th Aug Late"]
[Site "Chess.com INT"]
[Date "2022.08.30"]
[Round "2"]
[White "Bodnar, Nikolay"]
[Black "Sailer, Mike L"]
[Result "1-0"]
[WhiteElo "2441"]
[BlackElo "2109"]
[PlyCount "113"]
[EventDate "2022.08.30"]
[EventType "swiss (blitz)"]
[EventRounds "11"]
[EventCountry "USA"]
[SourceTitle "EXT 2023"]
[Source "ChessBase"]
[SourceDate "2022.10.05"]
[SourceVersion "1"]
[SourceVersionDate "2022.10.05"]
[SourceQuality "1"]

1. c4 c6 2. g3 d5 3. Bg2 Nf6 4. Nf3 g6 5. 0-0 Bg7 6. b3 0-0 7. Bb2 Re8 8. a3 dxc4 9. bxc4 Nbd7 10. d4 Nb6 11. Nbd2 Bf5 12. Re1 Ne4 13. e3 Nxd2 14. Nxd2 Qd7 15. e4 Bh3 16. e5 Bxg2 17. Kxg2 Bh6 18. Rc1 Rad8 19. f4 Qf5 20. Ne4 f6 21. Rc2 fxe5 22. fxe5 Rf8 23. Rf2 Qe6 24. c5 Nc4 25. Qe2 Ne3+ 26. Kg1 Ng4 27. Rxf8+ Rxf8 28. Rf1 Rxf1+ 29. Kxf1 Ne3+ 30. Kg1 Qf5 31. Nc3 Ng4 32. Nd1 Bg5 33. h3 Nh6 34. Kg2 Qe6 35. Bc3 Qd5+ 36. Kh2 Nf7 37. Nf2 Bh6 38. Ne4 Ng5 39. Nd2 Qe6 40. Qg2 Qa2 41. h4 Nf7 42. Ne4 Nd8 43. Qxa2+ e6 44. Ng5 Bxg5 45. hxg5 Kf7 46. Qf2+ Ke7 47. Qf6+ Kd7 48. Qg7+ Kc8 49. Qxh7 b6 50. Qxg6 bxc5 51. dxc5 Nb7 52. Qe8+ Kc7 53. Qe7+ Kc8 54. Qxe6+ Kc7 55. g6 Nxc5 56. Qe7+ Kc8 57. Qxc5 1-0

[Event "Titled Tuesday intern op 30th Aug Late"]
[Site "Chess.com INT"]
[Date "2022.08.30"]
[Round "8"]
[White "Domingo Nunez, Ruben"]
[Black "Bodnar, Nikolay"]
[Result "1-0"]
[WhiteElo "2355"]
[BlackElo "2441"]
[PlyCount "139"]
[EventDate "2022.08.30"]
[EventType "swiss (blitz)"]
[EventRounds "11"]
[EventCountry "USA"]
[SourceTitle "EXT 2023"]
[Source "ChessBase"]
[SourceDate "2022.10.05"]
[SourceVersion "1"]
[SourceVersionDate "2022.10.05"]
[SourceQuality "1"]

1. c4 c5 2. Nc3 Nc6 3. g3 g6 4. Bg2 Bg7 5. h4 h5 6. Nh3 d6 7. Ng5 Nh6 8. d3 Rb8 9. Rb1 a6 10. a3 Bd7 11. 0-0 b5 12. Nd5 b4 13. axb4 Nxb4 14. Nxb4 Rxb4 15. Qc2 Qb6 16. Bd2 Rb3 17. Ba5 Qb8 18. Bc7 Qxc7 19. Qxb3 0-0 20. Qa3 a5 21. Ra1 a4 22. Ne4 Rb8 23. Nc3 Rb3 24. Qa2 Rb4 25. Nd5 Qb8 26. Nxb4 cxb4 27. c5 dxc5 28. Qd5 Qc7 29. Rfc1 Bxb2 30. Rxc5 Qa7 31. Ra5 Qc7 32. R5xa4 Bxa4 33. Rxa4 Qc1+ 34. Bf1 Bc3 35. Ra8+ Kh7 36. Ra7 Qc2 37. Rb7 Qd2 38. Rxe7 Qc2 39. Rb7 Qa4 40. Qc4 Kg7 41. d4 Qe8 42. e3 Nf5 43. Rxb4 Bxb4 44. Qxb4 Qe4 45. Qd2 Qg4 46. Kh2 Nd6 47. Bh3 Qe4 48. Bg2 Qf5 49. Qe2 Kh6 50. e4 Qe6 51. Qe3+ Kg7 52. e5 Nf5 53. Qf4 Nh6 54. Bh3 Qa2 55. Qf6+ Kg8 56. e6 Nf5 57. Qxf7+ Kh8 58. Qf6+ Kh7 59. Kg1 Qb1+ 60. Bf1 Qe4 61. Qe5 Qf3 62. e7 Ng7 63. Qxg7+ Kxg7 64. e8Q g5 65. Qe5+ Kh7 66. Qxg5 Qd1 67. Kg2 Qa1 68. Bd3+ Kh8 69. Qh6+ Kg8 70. Bc4# 1-0

[Event "Titled Tuesday intern op 30th Aug Late"]
[Site "Chess.com INT"]
[Date "2022.08.30"]
[Round "6"]
[White "Goryachkina, Aleksandra"]
[Black "Bodnar, Nikolay"]
[Result "1-0"]
[WhiteElo "2579"]
[BlackElo "2441"]
[PlyCount "57"]
[EventDate "2022.08.30"]
[EventType "swiss (blitz)"]
[EventRounds "11"]
[EventCountry "USA"]
[SourceTitle "EXT 2023"]
[Source "ChessBase"]
[SourceDate "2022.10.05"]
[SourceVersion "1"]
[SourceVersionDate "2022.10.05"]
[SourceQuality "1"]

1. e4 c6 2. Nf3 d5 3. Nc3 dxe4 4. Nxe4 Nf6 5. Qe2 Nxe4 6. Qxe4 Qa5 7. b4 Qf5 8. Qc4 Be6 9. Qc3 Bd5 10. Be2 e6 11. Bb2 Nd7 12. a3 Nf6 13. 0-0 Bd6 14. Rfe1 0-0-0 15. h3 Ne4 16. Qe3 Nf6 17. Qxa7 Qxc2 18. Bc3 Qf5 19. Rac1 g5 20. Nd4 Qg6 21. b5 c5 22. Bb4 Nd7 23. Qa8+ Bb8 24. Bxc5 Nxc5 25. Rxc5+ Kd7 26. Rxd5+ exd5 27. Qxb7+ Bc7 28. Bg4+ Kd6 29. Qc6# 1-0

[Event "Titled Tuesday intern op 23rd Aug Late"]
[Site "Chess.com INT"]
[Date "2022.08.23"]
[Round "1"]
[White "Hansen, Eric"]
[Black "Bodnar, Nikolay"]
[Result "1-0"]
[WhiteElo "2606"]
[BlackElo "2441"]
[PlyCount "81"]
[EventDate "2022.08.23"]
[EventType "swiss (blitz)"]
[EventRounds "11"]
[EventCountry "USA"]
[SourceTitle "EXT 2023"]
[Source "ChessBase"]
[SourceDate "2022.10.05"]
[SourceVersion "1"]
[SourceVersionDate "2022.10.05"]
[SourceQuality "1"]

1. Nf3 d5 2. g3 Bg4 3. Bg2 Nd7 4. h3 Bh5 5. d3 c6 6. 0-0 Ngf6 7. c4 Bxf3 8. exf3 e6 9. f4 g6 10. Nc3 Bg7 11. g4 0-0 12. Re1 a6 13. f5 exf5 14. gxf5 d4 15. Ne2 Ne8 16. Qb3 Qa5 17. Bf4 Nc5 18. Qc2 Rd8 19. Ng3 Nd6 20. Bd2 Qc7 21. b4 Nd7 22. Bf4 c5 23. Ne4 Be5 24. Bxe5 Nxe5 25. Nf6+ Kg7 26. Nd5 Qb8 27. f6+ Kh8 28. Rxe5 Nxc4 29. Re7 Nd6 30. Qxc5 Nf5 31. Rae1 Rc8 32. Rc7 b6 33. Qc6 Rxc7 34. Qxc7 h5 35. Qxb8 Rxb8 36. Ne7 a5 37. Nxf5 gxf5 38. bxa5 bxa5 39. Re5 Rb1+ 40. Bf1 Rb2 41. Rxa5 1-0

[Event "Titled Tuesday intern op 16th Aug Early"]
[Site "Chess.com INT"]
[Date "2022.08.16"]
[Round "5"]
[White "Bodnar, Nikolay"]
[Black "Matveeva, Olga"]
[Result "0-1"]
[WhiteElo "2441"]
[BlackElo "2168"]
[PlyCount "62"]
[EventDate "2022.08.16"]
[EventType "swiss (blitz)"]
[EventRounds "11"]
[EventCountry "USA"]
[SourceTitle "EXT 2023"]
[Source "ChessBase"]
[SourceDate "2022.10.05"]
[SourceVersion "1"]
[SourceVersionDate "2022.10.05"]
[SourceQuality "1"]

1. c4 e6 2. g3 Nf6 3. Bg2 d5 4. Nf3 c5 5. cxd5 Nxd5 6. d4 cxd4 7. Nxd4 Bb4+ 8. Bd2 Bxd2+ 9. Qxd2 0-0 10. 0-0 Nc6 11. Nxc6 bxc6 12. Rc1 Qb6 13. e4 Nf6 14. e5 Nd5 15. Nc3 Rb8 16. Na4 Qb4 17. Qc2 Bb7 18. a3 Qd4 19. Re1 Ba6 20. b4 Bb5 21. Nc5 Rfd8 22. Rad1 Qc4 23. Qb2 a5 24. Re4 Qc3 25. Qb1 axb4 26. axb4 Ra8 27. Rh4 g6 28. Qe4 Ra2 29. Qg4 Qc2 30. Qf3 Be2 31. Qf4 Qxd1+ 0-1

[Event "Titled Tuesday intern op 16th Aug Early"]
[Site "Chess.com INT"]
[Date "2022.08.16"]
[Round "3"]
[White "Demidov, Mikhail"]
[Black "Bodnar, Nikolay"]
[Result "1-0"]
[WhiteElo "2563"]
[BlackElo "2441"]
[PlyCount "75"]
[EventDate "2022.08.16"]
[EventType "swiss (blitz)"]
[EventRounds "11"]
[EventCountry "USA"]
[SourceTitle "EXT 2023"]
[Source "ChessBase"]
[SourceDate "2022.10.05"]
[SourceVersion "1"]
[SourceVersionDate "2022.10.05"]
[SourceQuality "1"]

1. Nf3 d5 2. g3 Bg4 3. Ne5 Bf5 4. Bg2 c6 5. d4 Nd7 6. 0-0 e6 7. c4 Ngf6 8. Nc3 Nxe5 9. dxe5 Nd7 10. cxd5 cxd5 11. e4 dxe4 12. Nxe4 Nxe5 13. Qb3 Qb6 14. Be3 Qxb3 15. axb3 Nc6 16. Rfc1 a6 17. Nf6+ Ke7 18. Ne4 Kd7 19. Bb6 Bxe4 20. Bxe4 Bd6 21. Rd1 Ke7 22. Rd2 Bb4 23. Rd3 f5 24. Bg2 Ne5 25. Rd4 Bd6 26. Rad1 Nf7 27. h4 e5 28. R4d2 e4 29. Bf1 Rac8 30. Bc4 Rxc4 31. bxc4 Rc8 32. b3 g6 33. Kg2 Ke6 34. f3 Rc6 35. Bd4 exf3+ 36. Kxf3 b5 37. Re2+ Be5 38. Rde1 1-0

[Event "Titled Tuesday intern op 16th Aug Late"]
[Site "Chess.com INT"]
[Date "2022.08.16"]
[Round "4"]
[White "Melikyan, Gnel"]
[Black "Bodnar, Nikolay"]
[Result "1-0"]
[WhiteElo "2238"]
[BlackElo "2441"]
[PlyCount "75"]
[EventDate "2022.08.16"]
[EventType "swiss (blitz)"]
[EventRounds "11"]
[EventCountry "USA"]
[SourceTitle "EXT 2023"]
[Source "ChessBase"]
[SourceDate "2022.10.05"]
[SourceVersion "1"]
[SourceVersionDate "2022.10.05"]
[SourceQuality "1"]

1. e4 c6 2. Nf3 d5 3. Nc3 dxe4 4. Nxe4 Nf6 5. Qe2 Nxe4 6. Qxe4 Qa5 7. Bc4 Bf5 8. Qe5 Qxe5+ 9. Nxe5 e6 10. d3 Nd7 11. Nxd7 Kxd7 12. Bf4 f6 13. 0-0-0 g5 14. Bg3 a5 15. a3 b5 16. Ba2 a4 17. Rhe1 h5 18. f3 h4 19. Bf2 Bd6 20. Bg1 Rae8 21. Kb1 b4 22. axb4 Bxb4 23. c3 Bd6 24. Kc2 Rb8 25. Bc4 Rb7 26. Ra1 Rhb8 27. Reb1 a3 28. b4 Ra8 29. Rb3 a2 30. Rb2 Kc7 31. Rbxa2 Rg8 32. Ra8 Rg7 33. h3 Rd7 34. Re8 Bf4 35. Raa8 Bg3 36. Bc5 Rh7 37. Rac8+ Kd7 38. Red8# 1-0

[Event "Titled Tuesday intern op 16th Aug Late"]
[Site "Chess.com INT"]
[Date "2022.08.16"]
[Round "8"]
[White "Mikhailov, Viacheslav"]
[Black "Bodnar, Nikolay"]
[Result "1-0"]
[WhiteElo "2428"]
[BlackElo "2441"]
[PlyCount "157"]
[EventDate "2022.08.16"]
[EventType "swiss (blitz)"]
[EventRounds "11"]
[EventCountry "USA"]
[SourceTitle "EXT 2023"]
[Source "ChessBase"]
[SourceDate "2022.10.05"]
[SourceVersion "1"]
[SourceVersionDate "2022.10.05"]
[SourceQuality "1"]

1. Nf3 d5 2. g3 Bg4 3. Bg2 Nd7 4. d4 c6 5. 0-0 Ngf6 6. c4 e6 7. Nc3 Be7 8. h3 Bh5 9. Ne5 0-0 10. Bf4 a5 11. Qb3 Qc8 12. Rfc1 dxc4 13. Nxc4 Nd5 14. Bd6 Bxd6 15. Nxd6 Qc7 16. Nxd5 exd5 17. Qxd5 Bxe2 18. Nf5 Nf6 19. Qe5 Qxe5 20. dxe5 Nd7 21. f4 Rab8 22. Rc2 Bd3 23. Ne7+ Kh8 24. Rd2 Rfe8 25. Nxc6 bxc6 26. Rxd3 Nc5 27. Rd2 Rec8 28. Rc1 Ne6 29. Rxc6 Rxc6 30. Bxc6 g6 31. Bd5 Rd8 32. Rd1 h5 33. h4 Kg7 34. Bb3 Nd4 35. Kf2 f6 36. Ke3 Nf5+ 37. Kf3 Rf8 38. Rd7+ Kh6 39. e6 Rc8 40. Bd5 Rc1 41. Be4 Rf1+ 42. Kg2 Ne3+ 43. Kh3 f5 44. Bb7 Ng4 45. e7 Re1 46. Bf3 Nf6 47. Ra7 Ng8 48. Rxa5 Rxe7 49. b4 Re3 50. Kg2 Rc3 51. b5 Rc2+ 52. Kf1 Ne7 53. b6 Rb2 54. b7 Rb1+ 55. Ke2 Rb2+ 56. Kd1 Ng8 57. a4 Nf6 58. Rb5 Rxb5 59. axb5 Nd7 60. Kd2 Kg7 61. Kd3 Kf6 62. Bd5 Ke7 63. Kd4 Kd6 64. Bf7 Kc7 65. Bxg6 Kxb7 66. Bxf5 Nf6 67. Ke5 Ne8 68. Bg6 Nc7 69. Bxh5 Nxb5 70. Bf3+ Kc7 71. h5 Kd8 72. h6 Nd6 73. Kxd6 Ke8 74. h7 Kf7 75. h8Q Kg6 76. Qh5+ Kg7 77. Qg5+ Kf7 78. Bd5+ Kf8 79. Qg8# 1-0